|
|
|
|
| LEADER |
00000cam a2200000 7i4500 |
| 001 |
0000064953 |
| 005 |
20160808.0 |
| 008 |
160804 |
| 020 |
|
|
|a 9780143425908
|
| 090 |
0 |
0 |
|a 428.2
|b GUP
|
| 100 |
1 |
|
|a Gupta,Manish
|
| 245 |
1 |
0 |
|a Let's talk in english :
|b a practical guide to speaking fluent english
|c Manish Gupta
|
| 260 |
|
|
|a New Delhi :
|b Penguin Books India ,
|c 2015
|
| 300 |
|
|
|a xxiii,319p. :
|b ill ;
|c 20cm.
|
| 650 |
|
0 |
|a English language
|x conversation & phrase books
|
| 650 |
|
0 |
|a English language
|x Grammar
|
| 650 |
|
0 |
|a English languange
|x Rhetoric
|
| 999 |
|
|
|a 0001395984
|b Book
|c Adult Collection
|e Perbadanan Perpustakaan Awam Johor
|
| 999 |
|
|
|a 0001395985
|b Book
|c Adult Collection
|e Cawangan Urban Transformation Centre
|
| 999 |
|
|
|a 0001396638
|b Book
|c Adult Collection
|e Cawangan Pontian
|
| 999 |
|
|
|a 0001396639
|b Book
|c Adult Collection
|e Cawangan Sri Merlong
|
| 999 |
|
|
|a 0001396640
|b Book
|c Adult Collection
|e Cawangan Muar
|
| 999 |
|
|
|a 0001396642
|b Book
|c Adult Collection
|e Cawangan Tangkak
|
| 999 |
|
|
|a 0001396643
|b Book
|c Adult Collection
|e Cawangan Batu Pahat
|
| 999 |
|
|
|a 0001396644
|b Book
|c Adult Collection
|e Cawangan Bandar Tenggara
|
| 999 |
|
|
|a 0001396645
|b Book
|c Adult Collection
|e Cawangan Tmn. Ungku Tun Aminah
|
| 999 |
|
|
|a 0001396646
|b Book
|c Adult Collection
|e Cawangan Mersing
|
| 999 |
|
|
|a 0001396647
|b Book
|c Adult Collection
|e Cawangan Segamat
|
| 999 |
|
|
|a 0001396648
|b Book
|c Adult Collection
|e Cawangan Taman Sri Lambak
|
| 999 |
|
|
|a 0001396649
|b Book
|c Adult Collection
|e Cawangan Bandar Penawar
|
| 999 |
|
|
|a 0001396650
|b Book
|c Adult Collection
|e Cawangan Kota Tinggi
|